| 000 | 00575nam a2200229 a 4500 | ||
|---|---|---|---|
| 001 | nice12345678 | ||
| 003 | IN_TiNIC | ||
| 005 | 20260116011743.0 | ||
| 008 | 050524s1953 hyda grp 000 0 urd | ||
| 020 |
_a _c1.75 |
||
| 082 | 0 | 0 |
_a297.4 _bSUL |
| 100 | _aGesudaraz, | ||
| 245 | _aFawaid Hazrat Banda Nawaz | ||
| 260 |
_aHyderabad _bMarkazi Anjuman Taleemus Salat _c1953 |
||
| 300 | _a88p | ||
| 500 | _aincludes index and biblioraphy | ||
| 505 | 2 | _aVarious Documents | |
| 650 | _aSufism-Gesudaraz-malfoozat | ||
| 902 | _bSRS | ||
| 942 | _cBK | ||
| 999 |
_c3720 _d3720 |
||